000 01302nam0a2200313 4500
001 RU\NLR\bibl\1852394
005 20250616175736.0
010 _a978-5-7458-1138-8
_91200
021 _aRU
_b2011-98126
_97027
035 _a(NLR Aleph) 001842338
090 _a2289474
_c2289474
100 _a20111222d2008 |||y0rusy50 ca
101 0 _arus
102 _aRU
105 _ay |||||||||
200 1 _aПрикладные задачи управления строительными проектами
_eмонография
_fВ.И. Алферов, С.А. Баркалов, В.Н. Бурков [и др.]
210 _aВоронеж
_cЦентрально-Черноземное книжное изд-во
_d2008
215 _a765 с.
_cил.
_d21
320 _aБиблиогр.: с. 750-265 (291 назв.)
606 1 _aСтроительные проекты
_xУправление
_92093329
_3RU\NLR\auth\661570351
686 _aУ31(2)-21
701 1 _aАлферов
_bВ. И.
_gВиктор Иванович
_4070
701 1 _aБаркалов
_bС. А.
_gСергей Алексеевич
_4070
701 1 _aБурков
_bВ. Н.
_gВладимир Николаевич
_4070
801 0 _aRU
_bNLR
_c20111222
_gRCR
801 1 _aRU
_bNLR
_c20111222
942 _cBOOK
980 _aNB